000 01200nab a2200253 i 4500
001 768714001
003 CO-MdFUSB
005 20240523103039.0
008 240523t1974 sp ||||| |||| 00| 0 spa d
040 _bspa
_cCO-MdFUSB
_dCO-MdFUSB
041 _aspa
100 _aSchillebeeckx, E.,
_eautor
245 3 _aEl "Dios de Jesús" y el "Jesús de Dios"
_c/ E. Schillebeeckx ; traducido por Gilberto Gutiérrez
520 _aEn el Nuevo Testamento encontramos el testimonio de hombres que encontraron la salvación la salvación de Dios en Jesús de Nazaret y que, por esta razón, al confrontar sus expectativas de salvación con la aparición concreta e histórica de Jesús, llamarían a éste «el Cristo, hijo de Dios, nuestro Señor».
630 0 7 _aBiblia.
_pNuevo Testamento
650 7 _aCristología
_9239
650 7 _aIglesia
_9655
650 0 _aSalvación
_948
650 0 _a Libertad
_91103
700 _aGutiérrez, Gilberto,
_etraductor
773 0 _049450
_982673
_oR2583
_tRevista internacional de teología Concilium
_w(CO-MdFUSB)8
_x0210-1041
_gNúmero 93, (marzo, 1974), páginas: 424 - 442
_qpágina: 424
942 _cANA
945 _aCatherine Arias Alvarez - Practicante SENA
999 _c69863
_d69863